[Event "Montcalm 4 2025-26"]
[Site "Quebec CAN"]
[Date "2026.02.05"]
[Round "5"]
[White "Sauve, Richard"]
[Black "Bergeron, Normand"]
[Result "1/2-1/2"]
[WhiteElo "1822"]
[BlackElo "1689"]
[WhiteFideId "-1"]
[BlackFideId "-1"]
[PlyCount "98"]
[GameId "2275010979651860"]
[EventDate "2026.01.08"]
[EventType "swiss"]
[EventRounds "5"]
[EventCountry "CAN"]

1. d4 Nf6 2. c4 g6 3. Nc3 Bg7 4. e4 d6 5. f3 O-O 6. Be3 Nc6 7. Qd2 e5 8. d5 Ne7 9. Nge2 Nd7 10. g4 Kh8 11. O-O-O Ng8 12. Ng3 b6 13. h4 h6 14. Kb1 a5 15. Nb5 Nc5 16. g5 h5 17. Bd3 Bd7 18. Bc2 Na6 19. Rdf1 Bxb5 20. cxb5 Nc5 21. f4 exf4 22. Rxf4 Be5 23. Bd4 Nd7 24. Rhf1 Qe8 25. a4 Kh7 26. Bxe5 Nxe5 27. Bd1 Qe7 28. Be2 Rae8 29. Qd1 f6 30. Bxh5 fxg5 31. Rxf8 Rxf8 32. Bxg6+ Nxg6 33. Qh5+ Nh6 34. Rxf8 Qxf8 35. hxg5 Nf4 36. Qh2 Kg6 37. Qxh6+ Qxh6 38. gxh6 Kxh6 39. Kc2 Ng6 40. Ne2 Ne5 41. Nd4 Kg5 42. Ne6+ Kg4 43. Kc3 Nd7 44. Nxc7 Nc5 45. Ne8 Nxe4+ 46. Kd4 Kf4 47. Nc7 Nc5 48. Ne8 Ne4 49. Nc7 Nc5 1/2-1/2

[Event "Montcalm 4 2025-26"]
[Site "Quebec CAN"]
[Date "2026.02.05"]
[Round "5"]
[White "Genest, Dominic"]
[Black "Dumont, Eric"]
[Result "1-0"]
[WhiteElo "1799"]
[BlackElo "1655"]
[WhiteFideId "-1"]
[BlackFideId "-1"]
[PlyCount "115"]
[GameId "2275010979668245"]
[EventDate "2026.01.08"]
[EventType "swiss"]
[EventRounds "5"]
[EventCountry "CAN"]

1. c4 c5 2. g3 g6 3. Nc3 Nc6 4. Bg2 Bg7 5. e3 Nf6 6. Nge2 O-O 7. O-O d6 8. d4 cxd4 9. exd4 Bg4 10. h3 Bd7 11. Re1 Rc8 12. b3 a6 13. d5 Na5 14. a4 Qb6 15. Nd4 Nxd5 16. Nxd5 Qxd4 17. Qxd4 Bxd4 18. Nxe7+ Kg7 19. Rb1 Rce8 20. Bf4 Be5 21. Bxe5+ dxe5 22. Rxe5 Kf6 23. Rxa5 Rxe7 24. Bxb7 Bf5 25. Rxf5+ Kxf5 26. Bxa6 Rfe8 27. Kf1 Ke5 28. Bb5 Rd8 29. a5 Kd6 30. b4 Kc7 31. Ba4 Rb8 32. b5 Kd6 33. Bd1 Kc5 34. Be2 Ra7 35. a6 Rxa6 36. Rd1 Rd6 37. Rxd6 Kxd6 38. Bf3 Kc5 39. Bd5 f6 40. Ke2 Re8+ 41. Kf3 Re7 42. Kf4 h6 43. g4 Re2 44. f3 Re5 45. Kg3 g5 46. h4 Re2 47. h5 Rd2 48. Kh3 Rd4 49. Kg3 Rf4 50. Be4 f5 51. gxf5 Kb6 52. Kf2 Rh4 53. Ke3 Rh1 54. f6 Rd1 55. Bd5 Re1+ 56. Kd4 Re8 57. f7 Rf8 58. Ke5 1-0

[Event "Montcalm 4 2025-26"]
[Site "Quebec CAN"]
[Date "2026.02.05"]
[Round "5"]
[White "Voisin, Antoine"]
[Black "Lescarbeau, Martin"]
[Result "0-1"]
[WhiteElo "1636"]
[BlackElo "1734"]
[WhiteFideId "-1"]
[BlackFideId "-1"]
[PlyCount "70"]
[GameId "2275010979713302"]
[EventDate "2026.01.08"]
[EventType "swiss"]
[EventRounds "5"]
[EventCountry "CAN"]

1. e4 c5 2. a3 e6 3. Nc3 d5 4. exd5 exd5 5. Bb5+ Nc6 6. Nf3 Nf6 7. O-O Be7 8. Re1 O-O 9. d3 Bg4 10. h3 Bxf3 11. Qxf3 Nd4 12. Qg3 Bd6 13. Qg5 Nxc2 14. Bd2 Nxa1 15. Rxa1 a6 16. Ba4 h6 17. Qh4 d4 18. Ne2 Nd5 19. Qg4 Qf6 20. Bb3 Nc7 21. Ng3 Kh8 22. Ne4 Qe7 23. Ng3 f5 24. Qh5 Qf6 25. Re1 Rae8 26. Rxe8 Nxe8 27. Ne2 Qe7 28. Bf4 Bxf4 29. Nxf4 Qe1+ 30. Kh2 Rf6 31. Bf7 Qxf2 32. Ng6+ Rxg6 33. Qxg6 Qf4+ 34. Kg1 Nf6 35. Be6 Qe3+ 0-1

[Event "Montcalm 4 2025-26"]
[Site "Quebec CAN"]
[Date "2026.02.05"]
[Round "5"]
[White "Fleury, Dominic"]
[Black "Bergeron, Nicolas"]
[Result "0-1"]
[WhiteElo "1327"]
[BlackElo "1729"]
[WhiteFideId "-1"]
[BlackFideId "-1"]
[PlyCount "32"]
[GameId "2275010979713303"]
[EventDate "2026.01.08"]
[EventType "swiss"]
[EventRounds "5"]
[EventCountry "CAN"]

1. c4 e5 2. Nc3 Nf6 3. g3 Bb4 4. Bg2 O-O 5. d4 exd4 6. Qxd4 Nc6 7. Qd2 Re8 8. a3 Bxc3 9. Qxc3 h6 10. Nf3 a5 11. e3 Ne4 12. Qc2 d6 13. O-O Bf5 14. Re1 a4 15. Nd2 Nxg3 16. e4 Nxe4 0-1

[Event "Montcalm 5 2025-26"]
[Site "Quebec CAN"]
[Date "2026.02.12"]
[Round "1"]
[White "Rainfray, Arnaud"]
[Black "Perreault, Jacquelin"]
[Result "1-0"]
[WhiteElo "2336"]
[BlackElo "1757"]
[WhiteFideId "-1"]
[BlackFideId "-1"]
[PlyCount "77"]
[GameId "2277487588030185"]
[EventDate "2026.02.12"]
[EventType "swiss"]
[EventRounds "5"]
[EventCountry "CAN"]

1. e4 c5 2. c3 Nf6 3. e5 Nd5 4. d4 cxd4 5. Nf3 e6 6. cxd4 Nc6 7. a3 Be7 8. Bd3 d6 9. O-O Bd7 10. Nbd2 Qc7 11. Re1 dxe5 12. dxe5 a6 13. b4 Nf4 14. Bf1 Ng6 15. Nc4 O-O 16. Bb2 b5 17. Ncd2 Rfd8 18. Qc2 Rac8 19. Qe4 Nb8 20. Rac1 Bc6 21. Qg4 Qb7 22. h4 Nxh4 23. Nd4 Bd5 24. N2b3 Ng6 25. f4 Rxc1 26. Bxc1 Nc6 27. Be3 Nxd4 28. Nxd4 Bc4 29. Bf2 Bxf1 30. Kxf1 Qd5 31. Kg1 Rc8 32. Rd1 Qe4 33. Nxe6 h5 34. Ng5 hxg4 35. Nxe4 Nxf4 36. Bc5 Kf8 37. Nd6 Rd8 38. Rf1 Bxd6 39. Bxd6+ 1-0

[Event "Montcalm 5 2025-26"]
[Site "Quebec CAN"]
[Date "2026.02.12"]
[Round "1"]
[White "Lescarbeau, Martin"]
[Black "Berube, Antoine"]
[Result "0-1"]
[WhiteElo "1750"]
[BlackElo "2214"]
[WhiteFideId "-1"]
[BlackFideId "-1"]
[PlyCount "52"]
[GameId "2277487588075242"]
[EventDate "2026.02.12"]
[EventType "swiss"]
[EventRounds "5"]
[EventCountry "CAN"]

1. e4 c5 2. c3 e5 3. d4 cxd4 4. cxd4 exd4 5. Nf3 Nc6 6. Nxd4 Nf6 7. Nxc6 dxc6 8. Qxd8+ Kxd8 9. Bg5 h6 10. Bxf6+ gxf6 11. Bc4 Bb4+ 12. Nd2 Ke7 13. O-O-O Rg8 14. Bf1 Be6 15. b3 Rad8 16. f3 Rd4 17. Nc4 Rxd1+ 18. Kxd1 Bxc4 19. bxc4 Rd8+ 20. Kc2 Rd2+ 21. Kb3 Bc5 22. g3 Rf2 23. f4 Bd4 24. Bd3 Kd6 25. f5 Kc5 26. Bc2 b5 0-1

[Event "Montcalm 5 2025-26"]
[Site "Quebec CAN"]
[Date "2026.02.12"]
[Round "1"]
[White "Bourassa, Samuel"]
[Black "Sarra-Bournet, Marc"]
[Result "1-0"]
[WhiteElo "1992"]
[BlackElo "1731"]
[WhiteFideId "-1"]
[BlackFideId "-1"]
[PlyCount "81"]
[GameId "2277487588075243"]
[EventDate "2026.02.12"]
[EventType "swiss"]
[EventRounds "5"]
[EventCountry "CAN"]

1. e4 e5 2. Nf3 Nc6 3. Bc4 Nf6 4. d3 Be7 5. Nc3 O-O 6. h3 d6 7. Be3 Bd7 8. a3 a6 9. Ba2 Qc8 10. Ne2 Nd8 11. Rc1 Ne6 12. Qd2 Bc6 13. Rg1 d5 14. Nxe5 dxe4 15. Nxc6 bxc6 16. Ng3 exd3 17. cxd3 Re8 18. Rxc6 Qd7 19. Rc4 Rad8 20. Bb1 Nd5 21. Kd1 Nxe3+ 22. fxe3 Qb5 23. Rf1 g6 24. Rc3 Nc5 25. Ba2 Rf8 26. Bc4 Qb6 27. b4 Nd7 28. d4 Ne5 29. Qe2 Rxd4+ 30. exd4 Qxd4+ 31. Kc2 Bg5 32. Ne4 Nxc4 33. Rxc4 Qd8 34. Nxg5 Qxg5 35. h4 Qb5 36. Qd3 Re8 37. Rf3 Qa4+ 38. Kb2 Qb5 39. Re4 Rxe4 40. Qxe4 Qd7 41. Rd3 1-0

[Event "Montcalm 5 2025-26"]
[Site "Quebec CAN"]
[Date "2026.02.12"]
[Round "1"]
[White "Bergeron, Nicolas"]
[Black "Plante, Rejean"]
[Result "1/2-1/2"]
[WhiteElo "1703"]
[BlackElo "1952"]
[WhiteFideId "-1"]
[BlackFideId "-1"]
[PlyCount "90"]
[GameId "2277487588075244"]
[EventDate "2026.02.12"]
[EventType "swiss"]
[EventRounds "5"]
[EventCountry "CAN"]

1. d4 Nf6 2. c4 e6 3. g3 d5 4. Bg2 Bb4+ 5. Nd2 O-O 6. Ngf3 dxc4 7. O-O c3 8. Nc4 Nbd7 9. Qc2 cxb2 10. Bxb2 c6 11. Rfd1 Re8 12. Nfe5 Qc7 13. a4 a5 14. Nd3 Bf8 15. Rab1 Nd5 16. e4 Nb4 17. Qe2 Nb6 18. Nxb6 Qxb6 19. Bc3 Qc7 20. Ne5 f6 21. Nc4 b6 22. f4 c5 23. Qh5 Bb7 24. d5 exd5 25. exd5 g6 26. Qh4 Qf7 27. Qxf6 Qxf6 28. Bxf6 Bg7 29. Bxg7 Kxg7 30. Nxb6 Rad8 31. d6 Bxg2 32. Kxg2 Nc2 33. Rd2 Nd4 34. Nc4 Re4 35. Rb7+ Kg8 36. Nxa5 Rxd6 37. Nc4 Ra6 38. a5 Ra8 39. Ra2 Nc6 40. Ne5 Rxa5 41. Rxa5 Nxa5 42. Rb5 Nc4 43. Rxc5 Nd2 44. Rc7 Re2+ 45. Kh3 Nf1 1/2-1/2

[Event "Montcalm 5 2025-26"]
[Site "Quebec CAN"]
[Date "2026.02.12"]
[Round "1"]
[White "Barrera, Eduardo"]
[Black "Bergeron, Normand"]
[Result "1-0"]
[WhiteElo "1950"]
[BlackElo "1692"]
[WhiteFideId "-1"]
[BlackFideId "-1"]
[PlyCount "49"]
[GameId "2277487588075245"]
[EventDate "2026.02.12"]
[EventType "swiss"]
[EventRounds "5"]
[EventCountry "CAN"]

1. e4 c6 2. d4 d5 3. e5 Bf5 4. Nf3 e6 5. Be2 c5 6. c3 Nc6 7. O-O Nge7 8. dxc5 Ng6 9. b4 Ncxe5 10. Nxe5 Nxe5 11. f4 Nc6 12. g4 Be4 13. Nd2 f5 14. Nxe4 dxe4 15. Qb3 Qc8 16. Bc4 Nd8 17. Be3 Be7 18. gxf5 exf5 19. Bd4 Bf6 20. Bxf6 gxf6 21. Rad1 Qc7 22. Bb5+ Nc6 23. Qe6+ Qe7 24. Bxc6+ bxc6 25. Qxc6+ 1-0

[Event "Montcalm 5 2025-26"]
[Site "Quebec CAN"]
[Date "2026.02.12"]
[Round "1"]
[White "Lamini, Cedric"]
[Black "Drolet, Stephane"]
[Result "0-1"]
[WhiteElo "1659"]
[BlackElo "1896"]
[WhiteFideId "-1"]
[BlackFideId "-1"]
[PlyCount "76"]
[GameId "2277487588075246"]
[EventDate "2026.02.12"]
[EventType "swiss"]
[EventRounds "5"]
[EventCountry "CAN"]

1. d4 d5 2. Nf3 Nf6 3. c4 c6 4. g3 dxc4 5. Bg2 b5 6. a4 Bb7 7. Ne5 Qc8 8. b3 a5 9. bxc4 b4 10. O-O g6 11. Bg5 Bg7 12. Qc1 h6 13. Be3 Nfd7 14. f4 c5 15. Bxb7 Qxb7 16. Nd2 cxd4 17. Bxd4 Nxe5 18. Bxe5 Bxe5 19. fxe5 Nd7 20. Qb2 O-O 21. Rf4 Qb6+ 22. Rf2 Nc5 23. Qb1 Qc6 24. Qc2 Rad8 25. Rf4 Ne6 26. Rf2 Qc5 27. Qb2 Nd4 28. Rc1 Nxe2+ 29. Kf1 Nxc1 30. Qxc1 Qxe5 31. Nf3 Qg7 32. Re2 Rd3 33. Ne5 Rc3 34. Qb2 Qf6+ 35. Kg1 Rd8 36. Qb1 Qb6+ 37. Kh1 Qd6 38. Qf1 Qf6 0-1

[Event "Montcalm 5 2025-26"]
[Site "Quebec CAN"]
[Date "2026.02.12"]
[Round "1"]
[White "Boudreau, Daniel"]
[Black "Lapierre, Gaetan"]
[Result "1-0"]
[WhiteElo "1890"]
[BlackElo "1636"]
[WhiteFideId "-1"]
[BlackFideId "-1"]
[PlyCount "51"]
[GameId "2277487588075247"]
[EventDate "2026.02.12"]
[EventType "swiss"]
[EventRounds "5"]
[EventCountry "CAN"]

1. e4 d6 2. d4 g6 3. Nc3 Bg7 4. Nf3 c6 5. h3 b5 6. a3 a6 7. Bg5 Nd7 8. Qd2 Bb7 9. O-O-O a5 10. Nb1 Ngf6 11. Bd3 h6 12. Be3 d5 13. e5 Ne4 14. Qe2 e6 15. Bxe4 dxe4 16. Nfd2 c5 17. Qxb5 Ba6 18. Qc6 cxd4 19. Bxd4 Bd3 20. Nxe4 Bxe4 21. Qxe4 Rc8 22. f4 Qc7 23. Nc3 Nc5 24. Qe3 Na4 25. Rd2 Nxb2 26. Nb5 1-0

[Event "Montcalm 5 2025-26"]
[Site "Quebec CAN"]
[Date "2026.02.12"]
[Round "1"]
[White "Cantin, Guillaume"]
[Black "Gaulin, Gaetan"]
[Result "1/2-1/2"]
[WhiteElo "1629"]
[BlackElo "1862"]
[WhiteFideId "-1"]
[BlackFideId "-1"]
[PlyCount "73"]
[GameId "2277487588075248"]
[EventDate "2026.02.12"]
[EventType "swiss"]
[EventRounds "5"]
[EventCountry "CAN"]

1. d4 Nf6 2. c4 e6 3. Nf3 d5 4. Nc3 Be7 5. cxd5 exd5 6. Bg5 Nbd7 7. e3 h6 8. Bh4 c6 9. Bd3 O-O 10. Qc2 Re8 11. Bg3 Bb4 12. O-O Qe7 13. Rac1 Ne4 14. Bxe4 dxe4 15. Nd2 Nf6 16. Nc4 Bxc3 17. bxc3 Nh5 18. Nd2 Nxg3 19. hxg3 Bf5 20. Nf3 Bh7 21. Ne5 Qe6 22. Qb3 Qxb3 23. axb3 Rad8 24. Ra1 a6 25. Nc4 Bf5 26. Ra5 Be6 27. Rb1 f6 28. Nd2 Bf7 29. Kf1 Rd5 30. Rxd5 cxd5 31. c4 Rc8 32. c5 Be8 33. f3 Bb5+ 34. Kf2 f5 35. b4 Rc7 36. Nb3 Kf7 37. f4 1/2-1/2

[Event "Montcalm 5 2025-26"]
[Site "Quebec CAN"]
[Date "2026.02.12"]
[Round "1"]
[White "Audouze, Oscar"]
[Black "Michaud, Jacques"]
[Result "1/2-1/2"]
[WhiteElo "1844"]
[BlackElo "1434"]
[WhiteFideId "-1"]
[BlackFideId "-1"]
[PlyCount "64"]
[GameId "2277487588075249"]
[EventDate "2026.02.12"]
[EventType "swiss"]
[EventRounds "5"]
[EventCountry "CAN"]

1. d4 Nf6 2. c4 g6 3. Nc3 d5 4. Nf3 Bg7 5. Bf4 O-O 6. e3 c6 7. Bd3 Be6 8. Ng5 Bg4 9. Qb3 Qb6 10. c5 Qxb3 11. axb3 h6 12. Nf3 Bxf3 13. gxf3 Nbd7 14. b4 b5 15. Ra6 Nh5 16. Rxc6 Nxf4 17. exf4 Nb8 18. Rc7 Na6 19. Rxe7 Nxb4 20. Bxb5 Nc2+ 21. Kd1 Nxd4 22. c6 Nxb5 23. Nxb5 Rfc8 24. Nxa7 Rxc6 25. Nxc6 Ra1+ 26. Ke2 Rxh1 27. b4 Rb1 28. Rb7 d4 29. b5 Rb2+ 30. Kd3 Rb3+ 31. Ke2 Rb2+ 32. Kd3 Rb3+ 1/2-1/2

[Event "Montcalm 5 2025-26"]
[Site "Quebec CAN"]
[Date "2026.02.12"]
[Round "1"]
[White "Oliver, Vance"]
[Black "Verge, Leo"]
[Result "0-1"]
[WhiteElo "1431"]
[BlackElo "1844"]
[WhiteFideId "-1"]
[BlackFideId "-1"]
[PlyCount "108"]
[GameId "2277487588075250"]
[EventDate "2026.02.12"]
[EventType "swiss"]
[EventRounds "5"]
[EventCountry "CAN"]

1. e4 c5 2. Nf3 d6 3. d4 cxd4 4. Nxd4 Nf6 5. Nc3 a6 6. Be2 e5 7. Nf3 Be7 8. Bg5 Nbd7 9. O-O h6 10. Bxf6 Nxf6 11. Nd2 b5 12. a4 b4 13. Nd5 Nxd5 14. exd5 O-O 15. a5 f5 16. Nc4 f4 17. Bf3 Bf5 18. Qe2 Qe8 19. Rfe1 Ra7 20. b3 g5 21. Bg4 Bg6 22. Ra4 Qb5 23. Be6+ Bf7 24. Qg4 Kg7 25. h4 Rc7 26. hxg5 h5 27. Qe2 Bxe6 28. dxe6 Kg6 29. Qd3+ Kxg5 30. Raa1 Rf6 31. Qh3 Qd5 32. g3 Qxe6 33. Qh4+ Kh6 34. Qh2 Qg4 35. Re4 Qg6 36. Rae1 fxg3 37. fxg3 Rf3 38. Kg2 Qf6 39. R4e2 e4 40. Ne3 Qg5 41. Qh3 Rc3 42. Qe6+ Qf6 43. Qxf6+ Bxf6 44. Nf1 d5 45. Rd1 Rc5 46. Ne3 d4 47. Nc4 Rg5 48. Kh1 Rfxg3 49. Rh2 d3 50. cxd3 Bd4 51. Rh4 e3 52. Kh2 Rg2+ 53. Kh1 e2 54. Re1 Rg1+ 0-1

[Event "Montcalm 5 2025-26"]
[Site "Quebec CAN"]
[Date "2026.02.12"]
[Round "1"]
[White "Glode, Martin"]
[Black "Boissinot, Claude"]
[Result "1-0"]
[WhiteElo "1817"]
[BlackElo "1356"]
[WhiteFideId "-1"]
[BlackFideId "-1"]
[PlyCount "97"]
[GameId "2277487588075251"]
[EventDate "2026.02.12"]
[EventType "swiss"]
[EventRounds "5"]
[EventCountry "CAN"]

1. e4 c5 2. Nf3 e6 3. c3 d5 4. exd5 Qxd5 5. d4 Nf6 6. Na3 a6 7. Nc4 Qd8 8. a4 Be7 9. Be3 cxd4 10. Qxd4 Qxd4 11. Nxd4 Nbd7 12. Be2 O-O 13. O-O Nd5 14. Bd2 N7f6 15. Bf3 Bc5 16. Nc2 Ba7 17. Rfd1 Rd8 18. Bg5 Rd7 19. Ne5 Rc7 20. Rac1 h6 21. Bh4 g5 22. Bg3 Re7 23. c4 Nb6 24. Rd8+ Re8 25. Rxe8+ Nxe8 26. a5 Nd7 27. Nxd7 Bxd7 28. Bxb7 Rd8 29. Rd1 Nf6 30. Kf1 Kf8 31. Ke2 Ke8 32. Bc7 Ke7 33. Bxd8+ Kxd8 34. Bxa6 Kc7 35. Bb5 Bc8 36. b4 Ne4 37. Rd3 f5 38. f3 Nf6 39. Nd4 Nh5 40. g3 Nf6 41. Nc6 g4 42. Nxa7 gxf3+ 43. Kxf3 Bb7+ 44. Ke2 Be4 45. Rd2 Ba8 46. Ba4 Be4 47. Nb5+ Kb8 48. Rd6 Kc8 49. Rxe6 1-0

[Event "Montcalm 5 2025-26"]
[Site "Quebec CAN"]
[Date "2026.02.12"]
[Round "1"]
[White "Fleury, Dominic"]
[Black "Sauve, Richard"]
[Result "0-1"]
[WhiteElo "1335"]
[BlackElo "1812"]
[WhiteFideId "-1"]
[BlackFideId "-1"]
[PlyCount "52"]
[GameId "2277487588075252"]
[EventDate "2026.02.12"]
[EventType "swiss"]
[EventRounds "5"]
[EventCountry "CAN"]

1. c4 e6 2. Nc3 d5 3. b3 Nf6 4. Nf3 c5 5. d4 cxd4 6. Qxd4 Nc6 7. Qd1 Bb4 8. Bd2 dxc4 9. a3 Bxc3 10. Bxc3 Qxd1+ 11. Rxd1 cxb3 12. e3 O-O 13. Bc4 Ne4 14. Bb2 Na5 15. Bd3 Nc5 16. Be2 b6 17. O-O Bb7 18. Ne5 Rad8 19. Nc4 Ba6 20. Rc1 Bxc4 21. Bxc4 Rd2 22. Bc3 Nxc4 23. Bxd2 Nxd2 24. Rfd1 b2 25. Rc2 b1=Q 26. Rcxd2 Qb3 0-1

[Event "Montcalm 5 2025-26"]
[Site "Quebec CAN"]
[Date "2026.02.12"]
[Round "1"]
[White "Bluteau, Yvon"]
[Black "Pepin, Pierre-Luc"]
[Result "1-0"]
[WhiteElo "1802"]
[BlackElo "1186"]
[WhiteFideId "-1"]
[BlackFideId "-1"]
[PlyCount "31"]
[GameId "2277487588075253"]
[EventDate "2026.02.12"]
[EventType "swiss"]
[EventRounds "5"]
[EventCountry "CAN"]

1. d4 d5 2. c4 e6 3. Nf3 g6 4. g3 Bg7 5. Bg2 Ne7 6. O-O O-O 7. Qc2 b6 8. Bg5 Bb7 9. cxd5 exd5 10. Nc3 c6 11. Rfe1 Nd7 12. e4 dxe4 13. Nxe4 Nb8 14. Nf6+ Kh8 15. Nxh7 f6 16. Nxf8 1-0

[Event "Montcalm 5 2025-26"]
[Site "Quebec CAN"]
[Date "2026.02.12"]
[Round "1"]
[White "Dube, Dominic"]
[Black "Simard, Rejean"]
[Result "1-0"]
[WhiteElo "1770"]
[BlackElo "1013"]
[WhiteFideId "-1"]
[BlackFideId "-1"]
[PlyCount "77"]
[GameId "2277487588075254"]
[EventDate "2026.02.12"]
[EventType "swiss"]
[EventRounds "5"]
[EventCountry "CAN"]

1. e4 c5 2. Nf3 d6 3. d4 cxd4 4. Nxd4 a6 5. c4 g6 6. Nc3 Nf6 7. Bd3 Bg7 8. Nde2 Nc6 9. b3 Bd7 10. Bb2 O-O 11. a3 Ne5 12. Bc2 Bc6 13. Nd4 Bd7 14. O-O Nc6 15. Nd5 Nxd5 16. Nxc6 bxc6 17. Bxg7 Kxg7 18. exd5 cxd5 19. Qxd5 Be6 20. Qd4+ Kg8 21. f4 f5 22. Rae1 Rf6 23. b4 Rc8 24. Bb3 Bf7 25. Re3 Kf8 26. Rfe1 Qc7 27. Rc3 Bg8 28. a4 h6 29. a5 g5 30. Ree3 Qd8 31. Bd1 g4 32. Be2 h5 33. Bd3 Bh7 34. Qb6 d5 35. Qxd8+ Rxd8 36. cxd5 Rxd5 37. Rc8+ Kg7 38. Rxe7+ Kh6 39. Rh8 1-0

[Event "Montcalm 5 2025-26"]
[Site "Quebec CAN"]
[Date "2026.02.12"]
[Round "1"]
[White "Beland, Philippe"]
[Black "Genest, Dominic"]
[Result "0-1"]
[WhiteElo "1045"]
[BlackElo "1802"]
[WhiteFideId "-1"]
[BlackFideId "-1"]
[PlyCount "76"]
[GameId "2277487588075255"]
[EventDate "2026.02.12"]
[EventType "swiss"]
[EventRounds "5"]
[EventCountry "CAN"]

1. d4 d5 2. c4 e6 3. Nc3 Nf6 4. cxd5 exd5 5. Bg5 Nbd7 6. Nxd5 Nxd5 7. Bxd8 Bb4+ 8. Qd2 Bxd2+ 9. Kxd2 Kxd8 10. e4 N5f6 11. Bd3 Nb6 12. f3 c6 13. Ne2 Be6 14. Rhc1 Ke7 15. b3 Rad8 16. Ke3 Rhe8 17. Nf4 Kf8 18. Rc2 Rd6 19. Rd1 Red8 20. Bc4 Bxc4 21. bxc4 R6d7 22. d5 cxd5 23. Nxd5 Na4 24. Rcd2 Ne8 25. h4 Nd6 26. Rc1 Rc8 27. Rdc2 Nc5 28. Kd4 Rc6 29. g4 Ne6+ 30. Ke3 Ra6 31. Rb1 Nc5 32. Kd4 b6 33. f4 Ndxe4 34. Re1 Ra3 35. Rh2 Rd3+ 36. Ke5 R7xd5+ 37. cxd5 f6+ 38. Kf5 Nd6# 0-1

[Event "Montcalm 5 2025-26"]
[Site "Quebec CAN"]
[Date "2026.02.19"]
[Round "2"]
[White "Drolet, Stephane"]
[Black "Rainfray, Arnaud"]
[Result "0-1"]
[WhiteElo "1896"]
[BlackElo "2336"]
[WhiteFideId "-1"]
[BlackFideId "-1"]
[PlyCount "100"]
[GameId "2280691593261931"]
[EventDate "2026.02.12"]
[EventType "swiss"]
[EventRounds "5"]
[EventCountry "CAN"]

1. d4 Nf6 2. Nf3 e6 3. Nbd2 c5 4. e3 Nc6 5. Bd3 Qc7 6. a3 d5 7. dxc5 a5 8. O-O Bxc5 9. Qe2 O-O 10. e4 Ng4 11. c3 Nce5 12. Nxe5 Nxe5 13. Bb5 Bd7 14. Bxd7 Nxd7 15. Nf3 dxe4 16. Qxe4 a4 17. Bg5 Qc6 18. Qe2 Nb6 19. Be3 Bxe3 20. Qxe3 Nc4 21. Qe2 Ra5 22. Rac1 Rd8 23. Rfd1 Rad5 24. Rd4 b5 25. Rcd1 h6 26. h3 e5 27. Rxd5 Rxd5 28. Rxd5 Qxd5 29. Ne1 Qd2 30. Qxd2 Nxd2 31. f3 Nc4 32. Nd3 f5 33. Kf1 e4 34. fxe4 fxe4 35. Ne1 Nxb2 36. Ke2 Nc4 37. Nc2 Kf7 38. Kf2 Kf6 39. g3 Ke5 40. Ke2 Kd5 41. Nb4+ Kc5 42. Nc2 Nd6 43. Ne3 g6 44. g4 Nc4 45. Nc2 Kd5 46. Kf2 Ke5 47. Kg3 g5 48. Kg2 Kf4 49. Kf2 e3+ 50. Ke2 Ke4 0-1

[Event "Montcalm 5 2025-26"]
[Site "Quebec CAN"]
[Date "2026.02.19"]
[Round "2"]
[White "Berube, Antoine"]
[Black "Bluteau, Yvon"]
[Result "1-0"]
[WhiteElo "2214"]
[BlackElo "1802"]
[WhiteFideId "-1"]
[BlackFideId "-1"]
[PlyCount "79"]
[GameId "2280691593327468"]
[EventDate "2026.02.12"]
[EventType "swiss"]
[EventRounds "5"]
[EventCountry "CAN"]

1. d4 Nf6 2. c4 e6 3. Nf3 b6 4. g3 Bb7 5. Bg2 Be7 6. O-O O-O 7. Nc3 d5 8. cxd5 exd5 9. Bf4 a6 10. Rc1 Nbd7 11. Ne5 Rc8 12. Qb3 Nxe5 13. dxe5 Ne4 14. Nxe4 dxe4 15. Rfd1 Qe8 16. Bh3 Rd8 17. Rxc7 Rxd1+ 18. Qxd1 Bc6 19. Qc2 Bd5 20. Be3 Bd8 21. Ra7 Qxe5 22. Rxa6 Be6 23. Bg2 Qb5 24. Ra8 f5 25. Qd2 Be7 26. Rxf8+ Kxf8 27. a3 Kf7 28. Bd4 h6 29. Bf1 Bc4 30. Qe3 Bg5 31. f4 exf3 32. Qxf3 Kg6 33. e4 Bxf1 34. Qxf5+ Qxf5 35. exf5+ Kxf5 36. Kxf1 Bf6 37. Bxf6 gxf6 38. Ke2 Ke4 39. a4 f5 40. b4 1-0

[Event "Montcalm 5 2025-26"]
[Site "Quebec CAN"]
[Date "2026.02.19"]
[Round "2"]
[White "Verge, Leo"]
[Black "Bourassa, Samuel"]
[Result "0-1"]
[WhiteElo "1844"]
[BlackElo "1992"]
[WhiteFideId "-1"]
[BlackFideId "-1"]
[PlyCount "164"]
[GameId "2280691593327469"]
[EventDate "2026.02.12"]
[EventType "swiss"]
[EventRounds "5"]
[EventCountry "CAN"]

1. c4 e5 2. Nc3 Nc6 3. e3 Bc5 4. Nge2 a6 5. g3 Ba7 6. Bg2 d6 7. O-O h5 8. d4 Nge7 9. d5 Nb8 10. h4 Bf5 11. Ne4 Bxe4 12. Bxe4 g5 13. hxg5 h4 14. f4 Nd7 15. f5 Nc5 16. Bc2 hxg3 17. b4 Nd7 18. Nxg3 Nb6 19. f6 Qd7 20. Nf5 Ng6 21. Ng7+ Kf8 22. Bf5 Qa4 23. Qxa4 Nxa4 24. Bc2 Nb6 25. Bb3 Rh4 26. Rf2 Nxc4 27. Bxc4 Rxc4 28. Bd2 c6 29. Nf5 Rd8 30. dxc6 bxc6 31. Rc1 Rxc1+ 32. Bxc1 Ke8 33. Rc2 Kd7 34. Kf1 d5 35. a4 Rh8 36. Nh6 Rh7 37. b5 axb5 38. axb5 cxb5 39. Ra2 Bc5 40. Ra8 Nf8 41. Ba3 b4 42. Bb2 Ne6 43. Rg8 Bxe3 44. Ng4 Bxg5 45. Nxe5+ Kc7 46. Nf3 Bf4 47. Nd4 Rh1+ 48. Kg2 Rh2+ 49. Kf3 Rxb2 50. Nxe6+ fxe6 51. Rg7+ Kc6 52. Kxf4 Rf2+ 53. Ke5 Re2+ 54. Kd4 e5+ 55. Kd3 Rf2 56. Ra7 Kb6 57. Re7 Rxf6 58. Rxe5 Kc5 59. Re8 Rf3+ 60. Kc2 Rc3+ 61. Kd2 Kc4 62. Rc8+ Kb3 63. Rd8 Rc5 64. Ra8 Kb2 65. Kd3 b3 66. Kd2 Kb1 67. Ra7 b2 68. Ra6 Rc2+ 69. Kd1 Rc4 70. Kd2 Rd4+ 71. Kc3 Kc1 72. Kxd4 b1=Q 73. Rc6+ Kd2 74. Kxd5 Kd3 75. Kd6 Kd4 76. Kc7 Qb5 77. Rb6 Qe8 78. Rd6+ Kc5 79. Rd8 Qc6+ 80. Kb8 Kb6 81. Rd6 Qxd6+ 82. Ka8 Qd8# 0-1

[Event "Montcalm 5 2025-26"]
[Site "Quebec CAN"]
[Date "2026.02.19"]
[Round "2"]
[White "Sauve, Richard"]
[Black "Barrera, Eduardo"]
[Result "1-0"]
[WhiteElo "1812"]
[BlackElo "1950"]
[WhiteFideId "-1"]
[BlackFideId "-1"]
[PlyCount "151"]
[GameId "2280691593327470"]
[EventDate "2026.02.12"]
[EventType "swiss"]
[EventRounds "5"]
[EventCountry "CAN"]

1. d4 d5 2. c4 e6 3. Nf3 Nf6 4. Nc3 Be7 5. Bg5 h6 6. Bh4 O-O 7. e3 b6 8. cxd5 Nxd5 9. Nxd5 Bxh4 10. Nxh4 exd5 11. Nf3 c5 12. dxc5 bxc5 13. Be2 Be6 14. O-O Qb6 15. Qd2 Nd7 16. b3 Rfb8 17. Rab1 a5 18. Qc2 Qd6 19. Rfc1 Ra7 20. Bd3 Rb4 21. Bh7+ Kh8 22. Bf5 a4 23. Bxe6 Qxe6 24. h3 axb3 25. axb3 Rab7 26. Nd2 c4 27. bxc4 Rxb1 28. Rxb1 Rxb1+ 29. Qxb1 dxc4 30. Qb4 Nb6 31. Qc5 Kh7 32. Kf1 Qf6 33. Nxc4 Qa1+ 34. Ke2 Qa2+ 35. Nd2 Nd5 36. Qc4 Qxc4+ 37. Nxc4 Kg6 38. Kd3 Kf6 39. Ke4 Ke6 40. Nd2 Nc3+ 41. Kf4 Nd1 42. f3 g5+ 43. Ke4 h5 44. Kd4 f5 45. e4 Nb2 46. g3 Na4 47. Nc4 fxe4 48. fxe4 Kf6 49. g4 hxg4 50. hxg4 Ke6 51. e5 Ke7 52. Nd6 Nb6 53. Ne4 Nd7 54. Nxg5 Nf8 55. Ke4 Ng6 56. Nf3 Ke6 57. Nd4+ Kf7 58. g5 Ne7 59. Nf5 Ng6 60. Kd5 Nf4+ 61. Kd6 Kg6 62. Nd4 Nh5 63. Nf3 Kf7 64. e6+ Ke8 65. g6 Ng7 66. Nd4 Nh5 67. Nf5 Nf6 68. g7 Ng8 69. Nh4 Nf6 70. Nf3 Ng8 71. Nd4 Ne7 72. Ke5 Nc6+ 73. Kf6 Ne7 74. Nf5 Nd5+ 75. Ke5 Nf6 76. Kxf6 1-0